| 000 | 00813nam a22002297a 4500 | ||
|---|---|---|---|
| 999 |
_c909 _d909 |
||
| 003 | AR-CdUCM | ||
| 008 | 190225b ||||| |||| 00| 0 spa d | ||
| 040 |
_aMUNICIPALIDAD PROVINCIAL DEL CUSCO _cBIBLIOTECA MUNICIPAL DEL CUSCO |
||
| 082 |
_a869.203 / _bSO68 |
||
| 100 |
_aSorrentino, Fernando _93492 |
||
| 245 |
_aCuentos Argentinos de Imaginación : _bSiglo XX / _cSorrentino, Fernando |
||
| 260 |
_aBuenos Aires : _bAtlantida, _c1974. |
||
| 300 |
_a134 paginas ; _c20cm. |
||
| 505 | _aRealismo e Imaginacion -- La narrativa imaginacion -- Cuentos argentinos | ||
| 650 |
_aCorreo casero de recienvenido _93493 |
||
| 650 |
_aEl canto del cisne _93494 |
||
| 650 |
_aLa muerte del perrito _93495 |
||
| 650 |
_aCuentos argentinos _92794 |
||
| 650 |
_aSiglo XX _98 |
||
| 942 |
_2ddc _cLIBROS |
||
| 945 |
_apjha _d2019-02-25 |
||